|
|
|
|
| LEADER |
01938nam a2200469 i 4500 |
| 001 |
EBC4731326 |
| 003 |
MiAaPQ |
| 005 |
20200520144314.0 |
| 006 |
m o d | |
| 007 |
cr cnu|||||||| |
| 008 |
161111t20172017mdu obd 000 0 eng d |
| 020 |
|
|
|z 9781442255883
|
| 020 |
|
|
|a 9781442255890 (e-book)
|
| 035 |
|
|
|a (MiAaPQ)EBC4731326
|
| 035 |
|
|
|a (Au-PeEL)EBL4731326
|
| 035 |
|
|
|a (CaPaEBR)ebr11293581
|
| 035 |
|
|
|a (CaONFJC)MIL967663
|
| 035 |
|
|
|a (OCoLC)962063827
|
| 040 |
|
|
|a MiAaPQ
|b eng
|e rda
|e pn
|c MiAaPQ
|d MiAaPQ
|
| 043 |
|
|
|a a-ja---
|
| 050 |
|
4 |
|a HF3824
|b .P535 2017
|
| 082 |
0 |
|
|a 330.952003
|2 23
|
| 100 |
1 |
|
|a Picken, Stuart D. B.,
|e author.
|
| 245 |
1 |
0 |
|a Historical dictionary of Japanese business /
|c Stuart D. Picken.
|
| 250 |
|
|
|a Second edition.
|
| 264 |
|
1 |
|a Lanham, Maryland :
|b Rowman & Littlefield,
|c 2017.
|
| 264 |
|
4 |
|c 2017
|
| 300 |
|
|
|a 1 online resource (533 pages).
|
| 336 |
|
|
|a text
|2 rdacontent
|
| 337 |
|
|
|a computer
|2 rdamedia
|
| 338 |
|
|
|a online resource
|2 rdacarrier
|
| 490 |
1 |
|
|a Historical Dictionaries of Professions and Industries
|
| 504 |
|
|
|a Includes bibliographical references.
|
| 588 |
|
|
|a Description based on print version record.
|
| 590 |
|
|
|a Electronic reproduction. Ann Arbor, MI : ProQuest, 2016. Available via World Wide Web. Access may be limited to ProQuest affiliated libraries.
|
| 650 |
|
0 |
|a Business
|v Dictionaries.
|
| 651 |
|
0 |
|a Japan
|x Commerce
|v Dictionaries.
|
| 655 |
|
4 |
|a Electronic books.
|
| 776 |
0 |
8 |
|i Print version:
|a Picken, Stuart D. B.
|t Historical dictionary of Japanese business.
|b Second edition.
|d Lanham, Maryland : Rowman & Littlefield, c2017
|h xxxi, 497 pages
|k Historical Dictionaries of Professions and Industries
|z 9781442255883
|w 2015027733
|
| 797 |
2 |
|
|a ProQuest (Firm)
|
| 830 |
|
0 |
|a Historical dictionaries of professions and industries.
|
| 856 |
4 |
0 |
|u https://ebookcentral.proquest.com/lib/matrademy/detail.action?docID=4731326
|z Click to View
|